Cultura Generale #3 - Statistics

Statistiche generali
  • Questo quiz è stato fatto 275 volte
  • Il punteggio medio è 15 su 20
Statistiche sulle risposte
Domande Risposte % Corretto
In quale museo è custodita la Gioconda? Louvre
99%
Quanti colori ci sono nell’arcobaleno? 7
97%
Quale città è conosciuta come la “Ville Lumière”? Parigi
92%
Quante stelle sono presenti nella bandiera americana? 50
91%
Come si chiama il primo uomo ad aver camminato sulla Luna? Neil Armstrong
88%
Chi ha dipinto “L’urlo” nel 1893? Edvard Munch
86%
Qual è l’animale più veloce del mondo? Ghepardo
86%
Come si chiamava la città turca di Istanbul prima del 1930? Costantinopoli
85%
Qual è il pianeta più piccolo del nostro sistema solare? Mercurio
85%
Cos’è la “cinofobia”? Paura dei cani
78%
Qual è la capitale del Cile? Santiago
77%
Qual è stata la prima donna a vincere un premio Nobel? Marie Curie
70%
Chi è stato il conduttore del noto programma TV “Lascia o raddoppia?”? Mike Bongiorno
69%
Qual è la capitale dell’Iran? Teheran
67%
Quale paese al mondo ha il maggior numero di chilometri di autostrada? Cina
63%
Quale Grande Slam di tennis si gioca su una superficie in terra battuta? Roland Garros
59%
Quante sono le ossa del corpo umano? 206
56%
Qual è lo sport nazionale del Giappone? Sumo
54%
Qual è la moneta utilizzata in Danimarca? Corona danese
51%
Quale fiume scorre nel Grand Canyon? Colorado
49%
Nessun quiz corrispondente trovato
Distribuzione punteggi
Percentuale di utenti per punteggio
Percentile per numero di risposta
I tuoi punteggi nel tempo
Non hai fatto questo quiz